Analysis of wood in Hevea brasiliensis: Estimation and quantification of lignin bio-polymer and cell wall phenolics (Record no. 51519)

MARC details
000 -LEADER
fixed length control field 00543nam a2200157Ia 4500
100 ## - MAIN ENTRY--AUTHOR NAME
Personal name Reghu C P
245 #0 - TITLE STATEMENT
Title Analysis of wood in Hevea brasiliensis: Estimation and quantification of lignin bio-polymer and cell wall phenolics
260 ## - PUBLICATION, DISTRIBUTION, ETC. (IMPRINT)
Name of publisher IRRDB International Rubber Conference 14-17 December 2011, Chiang Mai, Thailand.
650 ## - SUBJECT ADDED ENTRY--TOPICAL TERM
Topical Term Cell wall phenolics
650 ## - SUBJECT ADDED ENTRY--TOPICAL TERM
Topical Term Lignification
650 ## - SUBJECT ADDED ENTRY--TOPICAL TERM
Topical Term Rubberwood
650 ## - SUBJECT ADDED ENTRY--TOPICAL TERM
Topical Term Timber quality
650 ## - SUBJECT ADDED ENTRY--TOPICAL TERM
Topical Term Wild Hevea germplasm
942 ## - ADDED ENTRY ELEMENTS (KOHA)
Koha item type Bibliography STAF
Holdings
Withdrawn status Lost status Damaged status Not for loan Home library Current library Shelving location Date acquired Koha item type
      Bibliography RRII Library RRII Library Rubber wood 09/04/2013 Bibliography STAF